Methods of theoretical physics /
Guardado en:
| Autor Principal: | |
|---|---|
| Otros Autores: | |
| Formato: | Libro |
| Idioma: | English |
| Publicado: |
New York :
McGraw-Hill,
1953.
|
| Series: | International series in pure and applied physics
|
| Etiquetas: |
Agregar Etiqueta
Sin Etiquetas, Sea el primero en etiquetar este registro!
|
| LEADER | 01212nam a22002295a 4500 | ||
|---|---|---|---|
| 001 | MAT.inmabb000367 | ||
| 008 | 031211s1953####nyua#####b####001#0#eng#d | ||
| 005 | 20110301153200.0 | ||
| 245 | 1 | 0 | |a Methods of theoretical physics / |c Philip M. Morse, Herman Feshbach. |
| 260 | |a New York : |b McGraw-Hill, |c 1953. | ||
| 300 | |a 2 v. (xxii, xl, 1978 p.) : |b il. ; |c 24 cm. | ||
| 440 | 0 | |a International series in pure and applied physics | |
| 504 | |a Incluye referencias bibliográficas. | ||
| 505 | 8 | |a Parte 1: 1. Types of fields -- 2. Equations governing fields -- 3. Fields and the variational principle -- 4. Functions of a complex variable -- 5. Ordinary differential equations -- 6. Boundary conditions and eigenfunctions -- 7. Green's functions -- 8. Integral equations. | |
| 505 | 8 | |a Parte 2: 9. Approximate methods -- 10. Solutions of Laplace's and Poisson's equations -- 11. The wave equation -- 12. Diffusion, wave mechanics -- 13. Vector fields. | |
| 510 | 4 | |a MR, |c 15,583h | |
| 100 | 1 | |a Morse, Philip McCord, |d 1903- | |
| 700 | 1 | |a Feshbach, Herman. | |
| 084 | |a 00A79 |2 msc2000 | ||
| 010 | |a 52011515 | ||
| 859 | |h 00A79 |i M884 |p A-102 |v 1 |3 Part 1 |b BIB. MATEMATICA | ||
| 859 | |h 00A79 |i M884 |p A-103 |v 2 |3 Part 2 |b BIB. MATEMATICA | ||
